Odgadnij piosenkę Zeamsone po wersach. #2 - Statystyki

Ogólne statystyki
  • Ten quiz został rozwiązany 5 razy
  • Średni wynik to 6 z 15
Statystyki odpowiedzi
Wersy Piosenka % Poprawnych
Nie nagrywałem o mym gangu tyle lat wstecz Jakoś tak zawsze byłem sam, wiesz 21 gramów
100%
Reszta ich życia to freestyle, którego nie nawinęMoże dziś polecę dronem nad Afryką Anioły nad Wulkanem
100%
Jak nadejdą twe złe dni to trzymaj się poręczy Nawet jak będą po tobie jechać mordo jak skejci Deski
75%
Palę ten trap, a nie muzykę jazz Palę ten trap, a nie muzykę jazz Koleżanki
75%
Ale nie fajnie zawsze bo łeb więcej czuje Muszę uodpornić się na bóle GRO11NIGHT
50%
Ty daj mi więcej, więcej, więcej Przyszedłem po pensje, pensje, pensje Od tej pory
50%
Smętna generacja kodów, lecę do was szyfrem Nie robię se w życiu schodów, chcę, by było szybciej Balaclava
25%
Ja siedzę tutaj cały dzień, maluje szumy na biało To legendarne spojrzenie, zamiana skóry na ciało Cypher
25%
Mam armię jednoosobową, mało kogo mogę prosić o pomoc Wolę mojego kolegę, pianino, metronom, niż Twoje kasyno z mamoną Inferno
25%
Kiedy patrzę na ciebie widzę ciebie i mnie Kiedy patrzę na siebie widzę fame i LA Liczby
25%
Dzisiaj już nie ma tu tego co kiedyś Mam większe potrzeby coś komuś dać 0CUL4R
0%
Jestem tu siedzę sam na samym końcu wyobraźni Nie będzie tak przejebanie fajnie jak zgadniesz zagadki Aureola
0%
Chciała tych róż i szampana Ona ubrana w róż i nie pijana Deszcz
0%
Mam metkę VIPA, SMS To pora na hita, albo trzy Hello
0%
Spotkałem ją samą w zimową noc Śnieg sypał jak skurwysyn na dobranoc, na blok Ona
0%
Nie znaleziono quizów pasujących do podanych kryteriów
Rozkład punktacji
Procent ludzi z każdym wynikiem
Percentyl według liczby udzielonych odpowiedzi
Twoja historia wyników
Nie rozwiązałeś tego quizu